000 00489nam a2200169Ia 4500
999 _c30102
_d30102
003 OSt
005 20201124111859.0
008 190216s9999||||xx |||||||||||||| ||und||
040 _coclc
082 _a894.8123
_bBHA/R
100 _aBharadwaj, Babu
_96732
245 0 _aRailway Timetable /
_cBabu Bharadwaj
260 _bPratheeksha Publications,
_c2012.
_aKozhikode:
300 _a132p
650 _aMalayalam
942 _cBK
_2ddc
_h894.8123
_iBHA/R
_k894.8123
_mBHA/R